| 000 | 01590nam a2200229Ia 4500 | ||
|---|---|---|---|
| 003 | Ost | ||
| 005 | 20260507075731.0 | ||
| 008 | 260507s9999||||xx |||||||||||||| ||und|| | ||
| 040 | _cfsecg | ||
| 041 | _aara | ||
| 082 | _a339.01 | ||
| 100 |
_aنعمة الله، احمد رمضان _eمؤلف |
||
| 245 | 0 |
_aالنظرية الاقتصادية الكلية / _c احمد رمضان نعمة الله |
|
| 260 |
_aالإسكندرية: _b, _c2003 |
||
| 300 |
_a410 صفحة؛ _c24 سم |
||
| 520 | _aيتناول هذا الكتاب دراسة سلوك الاقتصاد ككل من حيث الرواج والكساد والناتج الكلى من السلع المستخلص التشابك بين القطاعات الاقتصادية ، دالة الاستهلاك، الاستثمار، الطلب الحكومي ، التوازن في سوق الانتاج، العرض النقدي ، الطلب على النقودّ، التوازن في السوق النقدي ، تحديد التوازن في سوق الانتاج و السوق النقدي، توازن الدخل القومي في ظل الاقتصاد المفتوح ، التضخم والنظريات المفسرة له الاطار التحليلي للتضخم، تحليل أثر الصدمة العرض وصدمات الطلب التضخمية ، مفهوم التخلف و خصائصهمفهوم النمو والتنمية | ||
| 653 | _aالإقتصاد الكلي | ||
| 653 | _aالتضخم | ||
| 653 | _aالطلب | ||
| 700 |
_aناصف، ايمان عطية _eمؤلف ثانوي |
||
| 942 | _cكتاب | ||
| 999 |
_c46034 _d46034 |
||